Großstädte bei Frankfurt - Statistiken

Allgemein
  • Dieses Quiz wurde 117 mal gespielt
  • Das Durchschnittsergebnis liegt bei 6 aus 7
Antwortstatistiken
Entfernung Stadt % Korrekt
30 km Wiesbaden
97%
31 km Mainz
96%
27 km Darmstadt
93%
6 km Offenbach am Main
92%
71 km Mannheim
81%
72 km Ludwigshafen am Rhein
66%
78 km Heidelberg
65%
Keine übereinstimmenden Quizze gefunden
Verteilung der Resultate
Anzahl Personen mit jedem Resultat
Perzentil nach korrekt beantworteten Fragen
Ihre Resultats-Entwicklung
Sie haben dieses Quiz noch nicht gespielt